000 00274nam a2200121Ia 4500
008 231129s9999||||xx |||||||||||||| ||spa||
040 _bspa
082 _aCo863 N322j
100 _aNavarro Lince Humberto
245 0 _aJuego de espejos
264 _as.n
942 _2ddc
_cBKS
999 _c16226
_d16226